Normal view
MARC view
- WRITING SKILLS IN ENGLISH.DEVELOPING WRITING SKILLS IN ENGLISH
Entry Topical Term
001 - CONTROL NUMBER
- control field: 68135
003 - CONTROL NUMBER IDENTIFIER
- control field: NUST
005 - DATE AND TIME OF LATEST TRANSACTION
- control field: 20210628204001.0
008 - FIXED-LENGTH DATA ELEMENTS
- fixed length control field: 210628|| aca||aabn | a|a d
040 ## - CATALOGING SOURCE
- Original cataloging agency: NUST
- Transcribing agency: NUST
150 ## - HEADING--TOPICAL TERM
- Topical term or geographic name entry element: WRITING SKILLS IN ENGLISH.DEVELOPING WRITING SKILLS IN ENGLISH
670 ## - SOURCE DATA FOUND
- Source citation: Work cat.: (NUST): Gangal, J.K 68134, A practical course for developing writing skills in english, 2011
